Corporation on a tightrope balancing leadership, governance, and technology in an age of complexity /

Bibliographic Details
Main Author: Sifonis, John G.
Corporate Author: ProQuest (Firm)
Other Authors: Goldberg, Beverly.
Format: Electronic eBook
Language:English
Published: New York : Oxford University Press, 1996.
Subjects:
Online Access:Click to View
LEADER 01458nam a2200385Ia 4500
001 EBC271257
003 MiAaPQ
005 20200520144314.0
006 m o d |
007 cr cn|||||||||
008 960125s1996 nyua sb 001 0 eng d
010 |z  96001462  
020 |z 0195093259 (acid-free paper) 
035 |a (MiAaPQ)EBC271257 
035 |a (Au-PeEL)EBL271257 
035 |a (CaPaEBR)ebr10142305 
035 |a (CaONFJC)MIL52773 
035 |a (OCoLC)466424554 
040 |a MiAaPQ  |c MiAaPQ  |d MiAaPQ 
050 4 |a HD57.7  |b .G66 1996 
082 0 4 |a 658.4/092  |2 20 
100 1 |a Sifonis, John G. 
245 1 0 |a Corporation on a tightrope  |h [electronic resource] :  |b balancing leadership, governance, and technology in an age of complexity /  |c John G. Sifonis and Beverly Goldberg. 
260 |a New York :  |b Oxford University Press,  |c 1996. 
300 |a xiv, 315 p. :  |b ill. 
504 |a Includes bibliographical references (p. 289-296) and index. 
533 |a Electronic reproduction. Ann Arbor, MI : ProQuest, 2015. Available via World Wide Web. Access may be limited to ProQuest affiliated libraries. 
650 0 |a Leadership. 
650 0 |a Corporate governance. 
650 0 |a Competition. 
650 0 |a Information technology  |x Management. 
655 4 |a Electronic books. 
700 1 |a Goldberg, Beverly. 
710 2 |a ProQuest (Firm) 
856 4 0 |u https://ebookcentral.proquest.com/lib/matrademy/detail.action?docID=271257  |z Click to View